Top global 500 companies in China directory.
| Format: | Book |
|---|---|
| Published: |
Hong Kong:
SinoMedia Holding,
2007.
|
| Subjects: |
| LEADER | 00493cam a2200145 7i4500 | ||
|---|---|---|---|
| 001 | 0000027788 | ||
| 005 | 20120528090000.0 | ||
| 020 | 0 | 0 | |a 9789881944443 |
| 090 | 0 | 0 | |a CD 338.7025 |b TOP (CHIN) |
| 245 | 0 | 0 | |a Top global 500 companies in China directory. |
| 260 | 0 | 0 | |a Hong Kong: |b SinoMedia Holding, |c 2007. |
| 300 | # | # | |a Electronic computer optical disc (CD-ROM). |
| 650 | 0 | 0 | |a Business enterprise -- |x Directories -- |z China |
| 651 | 0 | 0 | |a China |
| 999 | |a CDR001050B |b CD-ROM |c AV Collection |e Business Information Centre | ||


